Higher Engineering Mathematics (Record no. 1202)

MARC details
000 -LEADER
fixed length control field 00415nam a22001697a 4500
005 - DATE AND TIME OF LATEST TRANSACTION
control field 20180425121431.0
008 - FIXED-LENGTH DATA ELEMENTS--GENERAL INFORMATION
fixed length control field 160520b xxu||||| |||| 00| 0 eng d
020 ## - INTERNATIONAL STANDARD BOOK NUMBER
ISBN 978-81-7409-195-5
041 ## - LANGUAGE CODE
Language code of text/sound track or separate title eng
082 ## - DEWEY DECIMAL CLASSIFICATION NUMBER
Item number 3507
Classification number 510.2462
100 ## - MAIN ENTRY--AUTHOR NAME
Personal name Grawal B.S.
245 ## - TITLE STATEMENT
Title Higher Engineering Mathematics
260 ## - PUBLICATION, DISTRIBUTION, ETC. (IMPRINT)
Name of publisher Khanna Publishing
300 ## - PHYSICAL DESCRIPTION
Number of Pages 1312
650 ## - SUBJECT ADDED ENTRY--TOPICAL TERM
Topical Term DIPLOMA ENGINEERING
942 ## - ADDED ENTRY ELEMENTS (KOHA)
Koha item type Books
Holdings
Lost status Damaged status Collection code Home library Current library Shelving location Date acquired Cost, normal purchase price Full call number Accession Number Koha item type
    CS/IT JRU Library JRU Library SHELF-57-G 20/05/2016 475.00 510.2462 3507 Books
    CS/IT JRU Library JRU Library SHELF-57-G 20/05/2016 475.00 510.2462 3508 Books
    CS/IT JRU Library JRU Library SHELF-57-G 20/05/2016 475.00 510.2462 3509 Books
    CS/IT JRU Library JRU Library SHELF-57-G 20/05/2016 475.00 510.2462 3510 Books
    CS/IT JRU Library JRU Library SHELF-57-G 20/05/2016 475.00 510.2462 3511 Books
    CS/IT JRU Library JRU Library SHELF-57-G 20/05/2016 475.00 510.2462 3512 Books
    CS/IT JRU Library JRU Library SHELF-57-G 20/05/2016 475.00 510.2462 3513 Books
    CS/IT JRU Library JRU Library SHELF-57-G 20/05/2016 475.00 510.2462 3514 Books